Daňová kontrola - daňové úniky a daňové podvody

Pojem. definícia a príčiny vzniku daňových únikov. Nelegálne daňové úniky. Kvantifikácia daňových únikov. Tieňová (šedá , čierna) ekonomika v praxi. Ilustračné príklady.

Salvato in:
Dettagli Bibliografici
Autore principale: Burák, Emil
Natura: Capitolo di libro
Lingua:slovacco
Soggetti:
Tags: Aggiungi Tag
Nessun Tag, puoi essere il primo ad aggiungerne!!

MARC

LEADER 00000naa a2200000 4500
001 0236184
005 20171002114241.9
041 0 |a slo 
044 |a SK 
245 1 0 |a Daňová kontrola - daňové úniky a daňové podvody  |c Emil Burák 
520 |a Pojem. definícia a príčiny vzniku daňových únikov. Nelegálne daňové úniky. Kvantifikácia daňových únikov. Tieňová (šedá , čierna) ekonomika v praxi. Ilustračné príklady. 
610 2 0 |a únik daňový 
610 2 0 |a podvody daňové 
610 2 0 |a kontrola daňová 
610 2 0 |a ekonomika tieňová 
100 1 |a Burák, Emil